| 000 | nam a22 a 4500 | ||
|---|---|---|---|
| 999 |
_c3855 _d3855 |
||
| 005 | 20170524095232.0 | ||
| 008 | 170524b1929 nyu||||| |||| 00| 0 eng d | ||
| 020 | _a031263546X | ||
| 040 | _aAKMAL | ||
| 082 | _a808.4 SCH | ||
| 090 |
_a808.4 _bSCH |
||
| 100 |
_aScholes, Robert _d1929- _97610 |
||
| 245 |
_aThe practice of writing / _cRobert Scholes, Nancy R. Comley. |
||
| 260 |
_aNew York _bSt. Martin's Press _cc1985. |
||
| 300 |
_axxi, 362 p. _bill _c24cm |
||
| 500 | _aIncludes bibliographical references and index. | ||
| 650 |
_aEnglish language _xRhetoric. _91467 |
||
| 942 |
_2ddc _cBOOK |
||